Ojos de perro azul (Registro nro. 1740)

Detalles MARC
000 -Cabecera
Campo de control de longitud fija 01049aam a2200289 4500
005 - Fecha y hora de la última transacción
Campo de control 20250618144910.0
008 - Elementos de longitud fija--Información general
Campo de control de longitud fija 150715b xxu||||| |||| 00| 0 spa d
020 ## - International Standard Book Number
Número Internacional Estándar del Libro (ISBN) 9580488037
041 ## - Idioma
Código de idioma Español
082 ## - Clasificación Decimal Dewey
Número de clasificación CO 863 G216o
100 ## - Entrada principal--Autor personal
Nombre personal García Márquez, Gabriel
9 (RLIN) 3407
245 ## - Título propiamente dicho
Título Ojos de perro azul
260 ## - Pie de imprenta
Lugar de publicación, distribución, etc. Colombia
260 ## - Pie de imprenta
Nombre del editor, distribuidor, etc. Grupo Editorial Norma
260 ## - Pie de imprenta
Fecha de publicación, distribución, etc. 2005
300 ## - Descripción física
Extensión 163 páginas
490 ## - Serie
Título de la Serie Temática General
505 ## - Nota de contenido
Nota de contenido Contiene: La tercera resignación; La otra costilla de la muerte; Eva está dentro de su gato; Amargura para tres sonámbulos; Diálogo del espejo; Ojos de perro azul; La mujer que llegaba a las seis; Nabo, el negro que hizo esperar a los ángeles; Alguien desordena estas rosas; La noche de los alcaravanes; Monólogo de Isabel viendo llover en Macondo.
650 ## - Materia general
Temática (materia general) NOVELA COLOMBIANA
650 ## - Materia general
Temática (materia general) LITERATURA COLOMBIANA
650 ## - Materia general
Temática (materia general) CUENTOS
650 ## - Materia general
Temática (materia general) MUNDO DE LOS SUEÑOS
650 ## - Materia general
Temática (materia general) REALIDAD
650 ## - Materia general
Temática (materia general) FANTASÍA
650 ## - Materia general
Temática (materia general) SURREALISMO
942 ## - Punto de acceso adicional KOHA
Tipo de ítem KOHA Literatura
Fuente del sistema de clasificación o colocación Dewey Decimal Classification
Existencias
Signatura completa Código de barras Programa Académico Tipo de ítem
CO 863 G216o 10998 Temática General Literatura